00350nam a2200145Ia 4500008004000000082001600040100002000056245003300076260004200109300000800151650000800159650001500167650001400182650000800196210210b1991 xxu||||| |||| 00| 0 eng d a001.64 BOOL aBOONE (MARY E). aLeadership and the computer. aBombaybIndia Book Distributorsc1991 a397 athe aLeadership acomputer. aand